000 00636cam a2200205 a 4500
001 000018224
005 20200929165417.0
008 751118s1949 gw 000 0 ger d
040 _aDO-SdBNP
_bger
_cLC
_dBNPHU
042 _apremarc
050 0 0 _aPT2603
_b.O725 1949
082 _ann*
_bB726g
100 1 _aBorchert, Wolfgang,
_d1921-1947.
_939454
245 0 4 _aDas Gesamtwerk /
_cWolfgang Borchert ; epílogo biográfico Bernhard Meyer-Marwitz.
260 _aHamburg :
_bRowohlt Verlag,
_c1949.
300 _a448 p. ;
_c21 cm.
700 1 _aMeyer-Marwitz, Bernhard
_939455
910 _aCatalogación por copia / LC
049 _aBNGR
999 _c17745
_d17745